000 00795cam a2200265 a 4500
001 4679332
003 Ke-BoTe
005 20220607091813.0
008 810825s1982 moua b 001 0 eng
010 _a 81014072
020 _a0801608201
040 _aDLC
_cDLC
_dDLC
050 0 0 _aRC451.4.A5
_bB55
060 _aWM 171 B645d
082 0 0 _a618.97/68527
_219
100 1 _aBlazer, Dan G.
_q(Dan German),
_d1944-
_97738
245 1 0 _aDepression in late life /
_cDan G. Blazer II.
260 _aSt. Louis :
_bMosby ;
_cc1982.
300 _axiv, 304 p . :
_bill . ;
_c24 cm .
504 _aIncludes bibliographies and index.
650 0 _aDepression in old age.
_97739
650 2 _aDepression
_xIn old age.
_97740
906 _a7
_bcbc
_corignew
_d1
_eocip
_f19
_gy-gencatlg
942 _2lcc
_cBK
_n0
999 _c3635
_d3635